| 000 | 00401nam a2200169Ia 4500 | ||
|---|---|---|---|
| 003 | 0STCL | ||
| 008 | 150530s9999 xx 000 0 und d | ||
| 040 |
_aSTCL _cSTCL |
||
| 100 | _aBaldwin Ernest; Bell David James | ||
| 245 | _aColes practical physiological chemistry | ||
| 250 | _aTenthd | ||
| 260 | _c1967 | ||
| 546 | _aEnglish | ||
| 942 |
_2ddc _cBK |
||
| 999 |
_c37760 _d37760 |
||
| 005 | 20220125170427.0 | ||